=LDR 00000nam 2200000 4500 =001 INLIS000000000036877 =005 20130612142634 =008 ***********************************Ind** =035 ##$$0010-061300000036877 =041 ##$$a Ind =082 ##$$a 641.5 =090 ##$$a 641.5, Unt d =100 ##$$a Untari, Dewi =245 ##$$a 25 resep camilan untuk usaha boga yang menjangkau, bukan sekedar tahu goreng, Dewi Untari ; editor, Intarina Hardiman =260 ##$$a 2010 $b Jakarta =300 ##$$a 56 hlm, ilus, 25 cm =650 ##$$a Masakan (tahu)-resep =850 ##$$a NBPNMAT =990 ##$$a 0001/BPAP-NTB/20142015 =990 ##$$a 0001/BPAP-NTB/20142015 =990 ##$$a 0001/BPAP-NTB/2016